000 00226 a2200097 4500
001 39941
100 _aZulfiqar Ahmed
245 _aMaarqa-e-September 1965
260 _aLahore
_bMaqbool Academy
_c1988
090 _c24932
_d24932
942 _aNUST-CAE
_cM
_c16594
999 _c275014
_d275014